| 000 | 01040nam a2200313Ia 4500 | ||
|---|---|---|---|
| 001 | Para_323 | ||
| 003 | CHAP | ||
| 008 | 220125s1987 xx 000 0 und d | ||
| 010 | _a199078 | ||
| 040 | _cCHAP | ||
| 090 | _aPA FOLLETO 3244 | ||
| 100 |
_aAvila Marioni, Mario Rene _9164414 |
||
| 245 |
_aMijo perla : _b un forraje para el área de General Angel Trias-Satevo / _c por Mario Rene Avila Marioni y Arturo Gomez S |
||
| 260 |
_aCuauhtémoc, Chih. : _b INIFAP. Campo Agrícola Experimental Sierra de Chihuahua |
||
| 300 | _a1 h. plegable | ||
| 410 | _adesplegable para productores; 5 | ||
| 650 |
_aMijo _x Chihuahua _9164415 |
||
| 650 |
_aMijo perla como forraje _975686 |
||
| 700 | _a | ||
| 700 |
_aGómez Saucedo, Arturo _9164416 |
||
| 710 |
_aINIFAP. México. Campo Agrícola Experimental Sierra de Chihuahua _9164413 |
||
| 901 | _aPA FOLLETO 3244 | ||
| 902 | _aA | ||
| 905 | _a0000001987 0000000000 00 | ||
| 910 | _a1987 | ||
| 942 | _cPARA | ||
| 942 |
_cPARA _d1 |
||
| 999 |
_c199078 _d199078 |
||